Maruyama Masao and the Fate of Liberalism in Twentieth-Century Japan (Record no. 1101382)

MARC details
000 -LEADER
fixed length control field 00781nam a2200265Ia 4500
003 - CONTROL NUMBER IDENTIFIER
control field OSt
005 - DATE AND TIME OF LATEST TRANSACTION
control field 20221006153753.0
008 - FIXED-LENGTH DATA ELEMENTS--GENERAL INFORMATION
fixed length control field 221006b |||||||| |||| 00| 0 chi d
020 ## - INTERNATIONAL STANDARD BOOK NUMBER
International Standard Book Number 9784924971240
037 ## - SOURCE OF ACQUISITION
Terms of availability Annuals, Advances
040 ## - CATALOGING SOURCE
Original cataloging agency EASL
Transcribing agency EASL
Language of cataloging chi
041 ## - LANGUAGE CODE
Source of code chi
Language code of text/sound track or separate title chi
100 ## - MAIN ENTRY--PERSONAL NAME
Personal name TADASHI Karube Au.
9 (RLIN) 665377
245 #0 - TITLE STATEMENT
Title Maruyama Masao and the Fate of Liberalism in Twentieth-Century Japan
260 ## - PUBLICATION, DISTRIBUTION, ETC.
Place of publication, distribution, etc. Tokyo
Name of publisher, distributor, etc. International House of Japan
Date of publication, distribution, etc. 2008
300 ## - PHYSICAL DESCRIPTION
Extent ix,212p.
Dimensions cm.
490 ## - SERIES STATEMENT
Volume/sequential designation Oth
700 ## - ADDED ENTRY--PERSONAL NAME
Personal name NOBLE David Tr.
9 (RLIN) 660539
942 ## - ADDED ENTRY ELEMENTS (KOHA)
Classification part WwN14, P8
Koha item type Reference
Source of classification or shelving scheme Colon Classification (CC)
Holdings
Withdrawn status Lost status Source of classification or shelving scheme Damaged status Not for loan Home library Current library Date acquired Serial Enumeration / chronology Total Checkouts Full call number Barcode Date last seen Price effective from Koha item type
    Colon Classification (CC)     Department of East Asian Studies Library Department of East Asian Studies Library 2022-10-06 Oth   WwN14 P8 EA1393946 2022-10-06 2022-10-06 Reference
Copyright @ Delhi University Library System